[Event "EICC 2021"]
[Site "Reykjavik"]
[Date "2021.09.01"]
[Round "7.8"]
[White "Yilmaz, Mustafa"]
[Black "Grigorian, Spartak"]
[Result "1-0"]
[WhiteElo "2630"]
[BlackElo "2448"]
[Annotator "TA"]
[PlyCount "78"]
[EventDate "2021.08.26"]
[EventType "swiss"]
[EventCountry "ISL"]
[Tiebreak "Cut1 Buchholz"]
[SourceTitle "playchess.com"]
[Source "ChessBase"]
[SourceQuality "1"]

{[%evp 12,78,49,49,81,79,84,86,80,79,68,76,86,68,68,60,64,69,69,0,4,15,62,52,
79,79,119,115,205,196,211,161,268,234,261,206,229,179,196,197,231,191,185,193,
181,182,270,258,361,374,370,347,350,354,554,541,543,536,520,503,602,593,712,
670,645,559,546,502,29986]} 1. d4 Nf6 2. c4 g6 3. Nc3 d5 4. Nf3 Bg7 5. Qb3 dxc4
6. Qxc4 a6 7. Bf4 b5 {was the old line (7...c6). D96: Grünfeld: Russian System
(5 Qb3): sidelines.} 8. Qxc7 Qxc7 9. Bxc7 O-O {White is better.} 10. e3 Bb7 11.
Bd3 Rc8 12. Bg3 {[#]} Nbd7 $146 ({Predecessor:} 12... Nc6 13. a3 Na5 14. O-O
Bxf3 15. gxf3 Nb3 16. Rad1 Rc6 17. Bb1 Rac8 18. Ba2 Na5 {1-0 (32) Guseynov,A 
(2369)-Kiremitciyan,A (2305) Enez 2018}) 13. O-O Nh5 14. Bh4 e5 15. Be4 ({
White should play} 15. Nxe5 $14 Nxe5 16. dxe5 Bxe5 17. Rac1) 15... Bxe4 $11 16.
Nxe4 {White wants to play g4.} Rc2 17. g4 $1 {[%cal Rg4h5]} f5 18. gxf5 {
Black is on the road to losing.} ({Much weaker is} 18. gxh5 fxe4 19. Ng5 gxh5
$15) 18... gxf5 19. Nd6 $36 {[%mdl 2048] White is really pushing.} e4 (19...
exd4 $16 20. Nxd4 Bxd4 21. exd4 Nf8) 20. Ng5 $18 h6 21. Ne6 Rc6 (21... Nf8 $142
) 22. Nxg7 Nxg7 {[#]} 23. Bg3 Rc2 24. Rab1 Ra7 25. f3 Nf6 26. fxe4 Nxe4 27.
Nxe4 ({Worse is} 27. Nxf5 Nxf5 28. Rxf5 Rg7 $11) 27... fxe4 28. Rf2 Rc6 (28...
Rxf2 $142 29. Kxf2 Rf7+ 30. Ke2 Rf6) 29. Rbf1 Ra8 30. Be5 Rg6+ 31. Rg2 Rxg2+
32. Kxg2 {[%mdl 4096] Endgame KRB-KRN} Rc8 (32... Ne8 $142 33. Kg3 Ra7) 33. Rf6
{White is clearly winning.} Rc2+ 34. Kh3 Ne8 35. Rxh6 Rxb2 36. Rxa6 Kf7 37. Kg4
Re2 38. Kf4 Rxh2 39. Kxe4 b4 {Weighted Error Value: White=0.11/Black=0.32} (
39... Rd2 $18 40. Kd5 Rc2 41. Ra7+ Kf8) 1-0

[Event "EICC 2021"]
[Site "Reykjavik"]
[Date "2021.09.01"]
[Round "7.9"]
[White "Sanal, Vahap"]
[Black "Erdos, Viktor"]
[Result "1/2-1/2"]
[WhiteElo "2557"]
[BlackElo "2614"]
[Annotator "TA"]
[PlyCount "143"]
[EventDate "2021.08.26"]
[EventType "swiss"]
[EventCountry "ISL"]
[Tiebreak "Cut1 Buchholz"]
[SourceTitle "playchess.com"]
[Source "ChessBase"]
[SourceQuality "1"]

{[%evp 9,143,0,0,0,16,0,0,0,0,0,18,12,19,12,16,19,16,6,13,14,41,12,6,10,5,0,0,
0,0,0,6,0,8,0,12,0,0,0,14,0,0,0,0,0,9,0,0,0,17,0,19,0,9,16,10,31,33,11,89,73,
65,80,157,81,170,147,242,232,229,224,236,233,220,218,228,262,233,259,243,218,
256,241,318,317,275,295,245,45,64,16,26,0,0,-12,0,0,0,-140,-50,-61,0,-29,0,
-133,-121,-249,-22,-164,-181,-195,0,0,0,0,0,0,0,0,0,0,0,0,0,0,0,0,0,0,0,0,0,0,
0,0,0,0]} 1. e4 e5 2. Nc3 Nf6 3. Bc4 Nc6 4. d3 Na5 5. Nge2 Bc5 6. O-O {C28:
Vienna Game: 2...Nf6 3 Bc4 Nc6.} c6 7. a4 Nxc4 8. dxc4 O-O 9. Qd3 {[#]} Re8
$146 ({Predecessor:} 9... d6 10. Be3 Bb4 11. f3 Be6 12. Na2 Ba5 13. Rfd1 Bb6
14. b3 d5 15. c5 Bc7 {0-1 (28) Korzun,S (1730)-Lipsits,S (1556) LSS email 2009}
) 10. b3 d6 11. h3 Be6 12. Rd1 a5 13. Qf3 Nd7 14. Be3 Qf6 15. Qg3 Qe7 16. Bxc5
Nxc5 17. Qf3 g6 18. Rd2 Rad8 19. Rad1 Bc8 20. Qe3 Kg7 21. Kh2 f6 22. Qg3 Kf7
23. Qe3 Kg7 24. Qg3 Kf7 25. Kh1 Kg7 26. Kg1 Kf7 27. f3 Kg7 28. Qf2 Qc7 29. Ng3
Ne6 30. Nce2 Ng5 31. h4 Nf7 32. h5 Nh6 33. Qe3 g5 (33... Be6 $11) 34. Nf1 Ng8
35. Rd3 h6 (35... Be6 $142) 36. g4 (36. Neg3 $142) 36... Ne7 (36... Be6 $16 {
keeps fighting.}) 37. Qd2 d5 (37... Qb6+ $16 38. Kg2 d5) 38. cxd5 cxd5 39. exd5
{Hoping for d6.} e4 40. fxe4 {aiming for d6.} (40. d6 Qc5+ 41. Qe3 Qxe3+ 42.
Rxe3 Nc6 $16) 40... Bxg4 41. Ne3 Qb6 42. Rf1 f5 43. Kh1 Bxe2 44. Qxe2 {d6 is
the strong threat.} fxe4 45. Rdd1 Rf8 46. Rxf8 Rxf8 47. d6 $1 {[%cal Rd6e7]}
Nc6 {[#]} 48. d7 $2 ({Not} 48. Nc4 Qf2 $16) (48. Rd5 $1 $18) 48... Qc7 49. Ng4
(49. Ng2 $5 {[%cal Re2e4]} Qe5 50. Qb5 Qxb5 51. axb5 $14) 49... Qf4 50. Re1 e3
51. Qg2 ({But not} 51. Nxe3 Qh4+ 52. Kg1 Nd4 $17) 51... Qd6 52. Rxe3 Qxd7 53.
Rd3 (53. Kg1 $11) 53... Qe6 ({Better is} 53... Qe8 $17 54. Rf3 Qxh5+ 55. Kg1 (
55. Rh3 $2 Qe8 $17) 55... Qe8) 54. Re3 Qd7 (54... Qf7 $15) 55. Qe2 Qf7 (55...
Rf4 $5 {[%cal Rf4g4]} 56. Re6 Qd5+ 57. Kh2 Rxg4 58. Qxg4 Ne5 59. Rxe5 Qxe5+ 60.
Kg2 Kf6 $11) 56. Kg1 (56. Ne5 $11 {keeps the balance.} Qd5+ 57. Kh2) 56... Qxh5
$17 57. Rd3 {[#]} (57. Re4 $17) 57... Qe8 $2 (57... Rf4 $1 $19 {[%cal Rf4g4]}
58. Rg3 Qf7) 58. Qd2 (58. Qd1 $1 $11 {and White has nothing to worry.} Qe4 59.
Qa1+ Kf7 60. Qf1+ Ke7 61. Qh3 Qe1+ 62. Kh2) 58... Qe6 $19 59. Rd7+ Kg8 $2 (
59... Rf7 $19 60. Rxf7+ Kxf7) 60. Qd5 $11 {The position is equal.} Qxd5 61.
Nxh6+ Kh8 {( -> ...Qc5+)} 62. Rxd5 {[%mdl 4096] Endgame KRN-KRN} Kg7 63. Ng4
Kg6 64. Kg2 Rf4 65. Ne3 Re4 66. Kf3 Rf4+ 67. Kg2 Re4 68. Kf3 Rf4+ 69. Kg3 Nd4
70. Kg2 Nf5 71. Nxf5 Rxf5 72. Rd6+ {What a bad dream for Black.  Weighted
Error Value: White=0.25/Black=0.27} 1/2-1/2

[Event "EICC 2021"]
[Site "Reykjavik"]
[Date "2021.09.01"]
[Round "7.10"]
[White "Sargissian, Gabriel"]
[Black "Antipov, Mikhail Al."]
[Result "1-0"]
[WhiteElo "2682"]
[BlackElo "2607"]
[Annotator "TA"]
[PlyCount "75"]
[EventDate "2021.08.26"]
[EventType "swiss"]
[EventCountry "ISL"]
[Tiebreak "Cut1 Buchholz"]
[SourceTitle "playchess.com"]
[Source "ChessBase"]
[SourceQuality "1"]

{[%evp 16,75,52,39,39,24,101,93,102,92,94,74,102,100,110,73,85,66,71,81,93,84,
81,83,81,89,108,84,106,113,135,144,176,172,220,126,126,74,84,73,79,85,82,81,
115,128,218,215,208,204,180,197,480,439,807,779,687,501,2184,1558,1113,1088]} 
1. Nf3 {Havasi,G} Nf6 2. c4 c5 3. Nc3 g6 4. d4 cxd4 5. Nxd4 Nc6 6. e4 d6 7. f3
Bg7 8. Be3 O-O 9. Be2 Nh5 {B38: Sicilian: Maroczy Bind with 5...Bg7 and 7...
0-0.} 10. g3 $5 {[%mdl 4] [#] A promising side line.} a5 $146 (10... Qa5 $11 {
keeps the balance.}) ({Predecessor:} 10... Nxd4 11. Bxd4 Be6 12. f4 Nf6 13. O-O
Rc8 14. b3 Qa5 15. f5 Bd7 16. a3 e6 17. b4 {1-0 (41) So,W (2788)-Mamedov,R 
(2658) Shamkir 2015 CBM 166 [Havasi,G]}) 11. Ndb5 $16 Nf6 {White is better.}
12. O-O Nd7 13. Qc2 Nb4 14. Qd2 Nc5 15. Bh6 Bxh6 16. Qxh6 a4 17. Rad1 f6 18. h4
Be6 19. Qe3 Qb6 20. Kg2 Rae8 21. Rd2 Kg7 22. f4 Qd8 23. h5 Qc8 {White should
prevent ...Bh3+.} 24. Rh1 Bf7 {[#]} 25. h6+ (25. Rdd1 $1 $18) 25... Kg8 26. Rb1
(26. Nd5 $142 Nca6 27. a3 Nxd5 28. cxd5 (28. exd5 Qc5 $16)) 26... Be6 27. b3
axb3 28. axb3 Bd7 29. Bf3 Bc6 30. Na4 Nxa4 (30... Nca6 $16 31. Rbd1 Qd8) 31.
bxa4 $18 Na6 32. Na7 Qc7 33. Nxc6 Qxc6 (33... bxc6 {was called for.} 34. Qb6
Qxb6 35. Rxb6 Nc5) 34. e5 {White is clearly winning.} Qxa4 (34... Qc5 $142 35.
Qxc5 Nxc5 36. exd6 exd6 37. Rxd6 Nxa4 38. Rxb7 Nc5 39. Bd5+ Kh8) 35. exd6 exd6
36. Qb6 Kh8 (36... Qd7 $142 37. Rxd6 {[%mdl 64] Double Attack} Qc7 38. Qxc7
Nxc7 39. Rxb7 Rf7) 37. Qxb7 {[%csl Gh6][%cal Rb7g7] [#]} Rg8 38. Qb2 {Weighted
Error Value: White=0.17/Black=0.27} 1-0

[Event "EICC 2021"]
[Site "Reykjavik"]
[Date "2021.09.01"]
[Round "7.11"]
[White "Bluebaum, Matthias"]
[Black "Huschenbeth, Niclas"]
[Result "1/2-1/2"]
[WhiteElo "2674"]
[BlackElo "2592"]
[Annotator "TA"]
[PlyCount "53"]
[EventDate "2021.08.26"]
[EventType "swiss"]
[EventCountry "ISL"]
[Tiebreak "Cut1 Buchholz"]
[SourceTitle "playchess.com"]
[Source "ChessBase"]
[SourceQuality "1"]

{[%evp 11,53,0,0,0,-2,-7,0,0,0,0,0,0,0,0,0,0,0,0,6,0,0,0,13,16,25,11,27,10,22,
0,0,0,0,0,0,0,0,0,0,0,12,6,0,0]} 1. d4 Nf6 2. Nf3 d5 3. Bf4 e6 4. e3 Bd6 5. Ne5
O-O 6. Nd2 c5 7. c3 {D02: 1 d4 d5 2 Nf3 sidelines, including 2...Nf6 3 g3 and
2...Nf6 3 Bf4.} Qc7 8. Bd3 Nc6 {[%cal Rc6e5]} 9. Ndf3 Ne7 10. O-O b6 11. Rc1
Bb7 12. Nd2 Nc6 {[%cal Rc6e5] [#]} 13. Nxc6 $146 ({Predecessor:} 13. Ndf3 Ne4
14. Qc2 f6 15. Nxc6 Bxf4 16. exf4 Bxc6 17. g3 Rac8 18. Rfe1 Bb7 19. Qe2 c4 20.
Bb1 b5 21. Nd2 Nxd2 22. Qxd2 {0-1 (42) Rodriguez del Moral,A (1818)-Garcia
Salamero,G (2157) Collado Villalba 2010}) 13... Bxf4 14. exf4 {[#] Hoping for
Ne5.} Bxc6 15. Qf3 Rac8 16. Qe3 Bb7 17. Nf3 Ne4 18. Ng5 Rfd8 19. Rfd1 {[%cal
Rg5e4]} h6 {The position is equal.} (19... cxd4 {keeps more tension.} 20. cxd4
Qd7 21. g3 Qa4 22. b3 Qa5) 20. Nxe4 (20. Nf3 {seems wilder.} a5 21. Bc2 Nd6 22.
Ne5 Re8 23. Re1) 20... dxe4 21. Bxe4 Bxe4 22. Qxe4 cxd4 23. Rxd4 Rxd4 24. Qxd4
$11 {KQR-KQR} Rd8 $1 {[%cal Rd8d4]} 25. Qe3 Qd6 26. g3 Qd2 27. Qxd2 {An
uneventful encounter.  Weighted Error Value: White=0.04/Black=0.03} 1/2-1/2

[Event "EICC 2021"]
[Site "Reykjavik"]
[Date "2021.09.01"]
[Round "7.12"]
[White "Grandelius, Nils"]
[Black "Thybo, Jesper Sondergaard"]
[Result "1-0"]
[WhiteElo "2666"]
[BlackElo "2587"]
[Annotator "TA"]
[PlyCount "105"]
[EventDate "2021.08.26"]
[EventType "swiss"]
[EventCountry "ISL"]
[Tiebreak "Cut1 Buchholz"]
[SourceTitle "playchess.com"]
[Source "ChessBase"]
[SourceQuality "1"]

{[%evp 11,105,0,17,18,15,15,12,7,31,0,0,0,9,0,0,0,0,0,0,0,-11,0,39,33,32,35,41,
0,45,40,82,83,75,69,102,35,27,33,44,38,31,31,20,31,36,0,19,0,30,17,17,17,192,
181,183,168,135,81,81,81,91,78,84,87,280,282,419,419,370,321,214,137,5828,5871,
697,0,12820,12823,1490,1464,12837,12831,12838,12838,12838,12839,12839,12832,
12842,12843,12843,12843,12845,12845,12846,12846]} 1. d4 Nf6 2. Nf3 d5 3. Bf4 c5
4. e3 Nc6 5. Nbd2 e6 6. c3 cxd4 7. exd4 {D02: 1 d4 d5 2 Nf3 sidelines,
including 2...Nf6 3 g3 and 2...Nf6 3 Bf4.} Nh5 8. Be3 Bd6 9. Ne5 {The position
is equal. 9.Bd3 is more advanced technology.} Nf6 10. Ndf3 Qc7 {[#]} 11. Bd3 $1
$146 {[%mdl 8] A relevant novelty.} ({Predecessor:} 11. Bf4 Nd7 12. Qe2 O-O 13.
g3 Re8 14. Bg2 f6 15. Nxd7 Bxd7 16. Bxd6 Qxd6 17. O-O {1/2-1/2 (67) Karjakin,S
(2783)-Nakamura,H (2786) Chess.com INT 2017}) 11... O-O {[%cal Rd6e5]} 12. O-O
Nxe5 13. dxe5 Bxe5 14. Nxe5 Qxe5 15. Bd4 Qh5 16. Qe1 Re8 17. Bxf6 gxf6 18. f4
Kh8 19. Rf3 {Threatens to win with Rh3.} Rg8 {White must now prevent ...Qxf3.}
20. Qe3 {Strongly threatening Rh3.} e5 21. fxe5 fxe5 22. Raf1 Rg7 {...e4 is
the strong threat.} 23. Bf5 ({White should play} 23. Rg3 $16) 23... Qg5 $14 {
[%cal Rg5g2]} 24. Qxg5 Rxg5 25. Bxc8 Rxc8 26. Rxf7 $11 {[%mdl 4096] Endgame
KRR-KRR} Rg7 $1 27. Rf8+ Rg8 28. R8f7 {White wants to play Re7.} (28. R8f2 {
is more complex.} Rg7 29. Rd1 Rd7 30. Rd3 Kg8 31. Rf5) 28... Rg7 29. Rf8+ Rg8
30. Rxc8 Rxc8 {KR-KR} 31. Rf7 b5 (31... d4 $1 $11) 32. Rxa7 $18 d4 33. cxd4
exd4 34. b4 (34. b3 $142 $1) 34... d3 $16 35. Rd7 Rc3 36. Kf2 $1 Ra3 37. Kf3 h6
$2 (37... Ra4 $16 {was worth a try.}) 38. Rd5 $18 Rxa2 (38... Kg7 {was called
for.} 39. Rxb5 Rxa2) 39. Rxd3 Rb2 40. Rd4 Kg7 {[#]} 41. h4 $1 h5 $2 {[%mdl
8192]} (41... Kf6 $16 42. g3 Ke5 43. Re4+ Kf6) 42. g3 Rb3+ 43. Kg2 $2 ({
Only move:} 43. Kf4 $18 Kg6 44. Rd6+ Kg7 45. Kg5) 43... Kf6 {[%mdl 8192]} (
43... Rb2+ $11 44. Kh3 Kg6 45. Rd6+ Kf7) 44. Rd5 {White is clearly winning.}
Rb2+ {[#]} 45. Kh3 $1 Rxb4 46. Rxh5 Kg6 47. Rg5+ Kh6 48. Rd5 Kg6 49. Rd6+ Kg7
50. Rb6 Rb1 51. Kg4 b4 52. Kg5 b3 53. Rb7+ {Weighted Error Value: White=0.18/
Black=0.27} 1-0

[Event "EICC 2021"]
[Site "Reykjavik"]
[Date "2021.09.01"]
[Round "7.13"]
[White "Abasov, Nijat"]
[Black "Ivic, Velimir"]
[Result "1/2-1/2"]
[WhiteElo "2656"]
[BlackElo "2571"]
[Annotator "TA"]
[PlyCount "108"]
[EventDate "2021.08.26"]
[EventType "swiss"]
[EventCountry "ISL"]
[Tiebreak "Cut1 Buchholz"]
[SourceTitle "playchess.com"]
[Source "ChessBase"]
[SourceQuality "1"]

{[%evp 12,108,16,16,19,10,14,12,19,18,21,7,7,7,20,0,26,43,26,24,28,26,31,24,25,
35,29,29,60,43,83,70,93,86,111,70,113,78,78,82,85,82,79,86,97,80,83,64,80,72,
101,14,16,29,27,22,44,41,44,0,6,0,25,25,72,62,158,164,156,71,90,7,7,7,7,0,16,8,
16,15,16,15,15,15,15,15,15,15,15,15,15,0,0,0,0,0,0,0,0]} 1. e4 e5 2. Bc4 Nf6 3.
d3 Nc6 4. Nc3 Bb4 5. Bg5 h6 6. Bxf6 Qxf6 7. Nge2 Na5 {C28: Vienna Game: 2...
Nf6 3 Bc4 Nc6.} 8. O-O {Threatens to win with Nd5.} Bxc3 9. Nxc3 Nxc4 10. dxc4
d6 11. Nd5 Qd8 12. Qh5 O-O 13. Rad1 f5 {[#]} 14. c5 $146 {[%mdl 2048] White
has the initiative.} ({Predecessor:} 14. Rd3 Be6 15. exf5 Rxf5 16. Qg6 Qd7 17.
Rfd1 Raf8 18. R3d2 Rg5 19. Qd3 Bf5 20. Qf1 {1/2-1/2 (74) Roeder,G (2212)
-Frieser,K (2181) Bayern 2005}) 14... fxe4 15. cxd6 cxd6 16. Qe2 Bf5 17. Qc4 {
Black must now prevent Nc7+.} Be6 18. Qxe4 Rc8 19. c4 Qd7 20. b3 Kh8 21. a4 Rf5
22. Rd2 Rcf8 23. f3 Rg5 24. Qe3 Bxd5 25. Rxd5 Rf6 26. Rf2 Qf5 27. Qe4 Qc8 28.
Qd3 Qf8 29. Kf1 Rg4 30. Qe3 Rgf4 31. Rdd2 (31. Qxa7 $16 e4 32. Qxb7) 31... b6
32. Kg1 h5 33. h3 h4 34. a5 bxa5 35. c5 dxc5 36. Rd5 Qf7 37. Rxe5 a4 {[#]} 38.
bxa4 $1 Qg6 (38... Rxa4 $14 39. Rd2 (39. Rxc5 Qe6 $16) (39. Qxc5 Qc4 $14) 39...
Rf5) 39. Qxc5 $16 Rxa4 {[#]} 40. Rh5+ ({Better is} 40. Rf1 $1 {[%cal Rf1d1]}
Raf4 41. Rfe1 (41. Qxa7 Kh7 $16)) 40... Kg8 41. Rg5 (41. Rf1 $16) 41... Qb1+ $1
$11 {The position is equal.} 42. Rf1 Qb6 43. Qxb6 (43. Re1 {looks sharper.}
Qxc5+ 44. Rxc5 Kh7 45. Ree5 g6 46. Kh2) 43... axb6 {[%mdl 4096] Endgame KRR-KRR
} 44. Rc1 Kh7 45. Rc7 Rg6 46. Rxg6 Kxg6 {KR-KR} 47. Rc6+ Kf5 48. Rxb6 Ra1+ 49.
Kh2 g5 50. Rb5+ Kf6 51. f4 gxf4 52. Rh5 f3 53. Rxh4 fxg2 54. Kxg2 Ke5 {
Weighted Error Value: White=0.14/Black=0.10} 1/2-1/2

[Event "EICC 2021"]
[Site "Reykjavik"]
[Date "2021.09.01"]
[Round "7.14"]
[White "Saric, Ivan"]
[Black "Van Foreest, Lucas"]
[Result "1/2-1/2"]
[WhiteElo "2653"]
[BlackElo "2544"]
[Annotator "TA"]
[PlyCount "127"]
[EventDate "2021.08.26"]
[EventType "swiss"]
[EventCountry "ISL"]
[Tiebreak "Cut1 Buchholz"]
[SourceTitle "playchess.com"]
[Source "ChessBase"]
[SourceQuality "1"]

{[%evp 17,127,28,24,0,0,0,0,0,34,0,0,0,2,0,0,0,0,0,0,0,8,7,8,0,10,-27,-26,-22,
0,0,0,0,0,0,0,-21,-5,-42,0,1,6,0,16,14,10,2,21,28,39,36,46,46,48,34,39,42,48,
31,60,8,24,20,90,47,52,17,16,35,47,0,23,0,0,0,0,0,0,0,0,0,0,0,0,0,0,0,0,0,0,0,
0,0,0,0,0,0,8,8,8,8,8,0,8,8,8,8,8,8,66,0,0,0]} 1. e4 e5 2. Nf3 Nf6 3. Nxe5 d6
4. Nf3 Nxe4 5. d4 d5 6. Bd3 Bd6 7. O-O O-O 8. c4 c6 9. Re1 Bf5 $1 {9...Bf5 is
better than 9...Re8.} 10. cxd5 {C42: Petroff Defence: 3 Nxe5 and unusual White
3rd moves.} cxd5 11. Nc3 Nxc3 12. bxc3 Qc8 {[#]} 13. Rb1 $146 {With the idea
Bxf5.} ({Predecessor:} 13. Qc2 Bxd3 {0-1 (13) Yeke,S (2287)-Kaltschmidt,A 
(2018) ICCF email 2007}) 13... Bxd3 14. Qxd3 Nd7 {[%cal Bb8d7,Bd7b6,Bb6c4]
[%mdl 32]} 15. Bg5 f6 16. Bd2 Nb6 17. Nh4 Re8 18. Nf5 Bf8 19. Ne3 Qc6 20. h4
Re7 21. Rb5 Nc4 22. Rbb1 Nd6 23. h5 Rae8 24. f3 Re6 25. a4 Qxa4 26. Nxd5 Rxe1+
27. Bxe1 Qc4 (27... Qa2 {seems wilder.} 28. Nf4 a5 29. c4 Nxc4 30. h6 Na3) 28.
Qxc4 Nxc4 29. Bg3 Rd8 30. Nc7 b6 31. Kf2 Kf7 (31... Rd7 {with more
complications.} 32. Ke2 Na3 33. Rb2 Nc4 34. Ra2 a5) 32. Ke2 Bd6 33. Bxd6 Rxd6
$14 {[%mdl 4096] Endgame KRN-KRN} 34. Nb5 Rd7 35. Kd3 Ne5+ 36. Ke4 Nc4 37. Ra1
a5 38. Ra4 (38. Na3 $14 Nxa3 39. Rxa3) 38... Nb2 39. Ra2 Nc4 (39... f5+ $1 $11
40. Kf4 Nc4) 40. g4 (40. f4 {is interesting.} Ke7 41. Kd3 Nd6 42. Rb2 Nxb5 43.
Rxb5 Rb7 44. c4) 40... Ke7 41. f4 Nd6+ $1 42. Nxd6 Kxd6 $11 {KR-KR} 43. Kf5 Ke7
44. Re2+ Kf7 45. Rb2 Re7 46. g5 {[#] Threatens to win with g6+.} g6+ 47. hxg6+
hxg6+ 48. Kg4 Re6 49. d5 Re3 50. gxf6 {[#] Hoping for c4.} Rxc3 51. Rxb6 (51.
Rd2 {feels hotter.} Kxf6 52. Rb2 a4 53. Rxb6+ Kf7 54. Ra6) 51... Rd3 52. Rb5 (
52. Rd6 {with more complications.} a4 53. Ra6 Rxd5 54. Rxa4 Kxf6 55. Ra6+)
52... Kxf6 53. Rxa5 Rd4 54. Ra6+ Kf7 55. Rd6 Rd1 56. Kf3 Ke7 57. Re6+ (57. Rxg6
{looks sharper.} Rxd5 58. Kg4 Kf8 59. Rh6 Kf7 60. Rh8) 57... Kd7 58. Re5 Kd6
59. Re6+ (59. Rg5 {keeps more tension.} Rxd5 60. Rxg6+ Ke7 61. Kg4 Kf8 62. Rh6)
59... Kd7 $1 60. Rxg6 {d6 is the strong threat.} Rxd5 61. Kg4 {And now Rg5
would win.} Ke7 62. Rg5 Rd1 ({Black should play} 62... Rd6 $11) 63. Rf5 (63.
Ra5 $14) 63... Ke6 {( -> ...Rg1+)} 64. Re5+ {Weighted Error Value: White=0.10/
Black=0.07} 1/2-1/2

[Event "EICC 2021"]
[Site "Reykjavik"]
[Date "2021.09.01"]
[Round "7.15"]
[White "Paichadze, Luka"]
[Black "Sarana, Alexey"]
[Result "0-1"]
[WhiteElo "2564"]
[BlackElo "2643"]
[Annotator "TA"]
[PlyCount "80"]
[EventDate "2021.08.26"]
[EventType "swiss"]
[EventCountry "ISL"]
[Tiebreak "Cut1 Buchholz"]
[SourceTitle "playchess.com"]
[Source "ChessBase"]
[SourceQuality "1"]

{[%evp 9,80,0,16,0,0,0,0,0,0,0,7,30,102,96,99,70,85,56,54,40,259,248,229,146,
127,0,0,-11,-9,-18,-14,-5,-17,-8,-8,-22,-4,-71,-55,-128,-117,-117,-90,-98,-95,
-162,-178,-197,-191,-191,-163,-185,-174,-205,-205,-199,-211,-212,-189,-244,
-270,-321,-308,-301,-310,-1569,-1230,-29969,-29964,-29994,-29995,-29995,-29996]
} 1. e4 c5 2. Nc3 d6 3. d4 cxd4 4. Qxd4 Nc6 5. Qd2 g6 6. b3 {B23: Closed
Sicilian: Lines without g3.} Bh6 7. f4 Nf6 8. Bb2 {The position is equal.} e5
9. g3 O-O 10. O-O-O Nh5 $5 {[%mdl 4] A promising side line.} (10... exf4 $11
11. gxf4 Re8) 11. Kb1 $16 (11. Qxd6 Qxd6 12. Rxd6 exf4 $15) 11... exf4 {[#]}
12. Nd5 $146 ({Predecessor:} 12. Be2 fxg3 13. Qxh6 g2 14. Nf3 gxh1=Q 15. Rxh1
f6 16. Rg1 Ng7 17. Nd5 Ne5 18. h4 {1-0 (39) Gabrielian,A (2458)-Korobov,A 
(2687) Chess.com INT 2020}) 12... Ne5 13. Nxf4 {Bxe5 is the strong threat.} Bg4
14. Be2 ({Not} 14. Qxd6 $2 Bxd1 15. Bxe5 (15. Qxe5 $2 Bg7 $19) 15... Re8 $19)
14... Nxf4 $2 (14... Re8 $14) 15. gxf4 $18 Qh4 16. Qxd6 Bg7 17. Bxe5 (17. Bxg4
$16 Qxg4 18. Bxe5 (18. fxe5 Qg2 $16) 18... Bxe5 19. fxe5) 17... Rad8 $11 18.
Qb4 Rxd1+ 19. Bxd1 Bxe5 20. Bxg4 (20. fxe5 Bxd1 21. Qc4 Qe1 $19) 20... Qxg4 {
[%cal Rg4d1]} 21. Ne2 $1 Bf6 22. Qe1 Re8 23. Rg1 {[#]} (23. h3 $11 Qe6 24. e5
Bxe5 25. fxe5 Qxe5 26. Qb4 Qxe2 27. Qxb7) 23... Qf3 $1 $17 24. Ng3 ({White
should try} 24. e5 $15) 24... Qxf4 {White must now prevent ...Qe5!} 25. Nh5 Qe5
{[%csl Gf6][%cal Re5b2]} 26. Nxf6+ Qxf6 {[%mdl 4096] Endgame KQR-KQR} 27. Rg4 (
27. Qe2 $17) 27... Qf3 $36 {[%mdl 2048] Black is in control.} 28. Qh4 Qd1+ 29.
Kb2 Qe2 {And now ...Rc8 would win.} 30. Qh3 Rxe4 31. Rg5 Qe3 32. Qc8+ Re8 33.
Qg4 Rd8 34. Rb5 (34. Ra5 $142) 34... b6 35. a4 Rd2 36. h4 Kg7 {Threatens to
win with ...a6.} 37. a5 $2 (37. Qc8) 37... a6 38. Rxb6 Qe5+ {[%mdl 64] [#]
Double Attack. Black mates.} 39. Kc1 Rf2 {[%cal Re5a1]} 40. Qa4 Qc3 {[%csl Gf2]
[%cal Rc3c2] What a bad dream for White.  Weighted Error Value: White=0.62/
Black=0.17} 0-1

[Event "EICC 2021"]
[Site "Reykjavik"]
[Date "2021.09.01"]
[Round "7.16"]
[White "Deac, Bogdan-Daniel"]
[Black "Ferreira, Jorge Viterbo"]
[Result "1-0"]
[WhiteElo "2639"]
[BlackElo "2520"]
[Annotator "TA"]
[PlyCount "83"]
[EventDate "2021.08.26"]
[EventType "swiss"]
[EventCountry "ISL"]
[Tiebreak "Cut1 Buchholz"]
[SourceTitle "playchess.com"]
[Source "ChessBase"]
[SourceQuality "1"]

{[%evp 9,83,26,35,34,37,14,30,8,29,32,37,32,58,36,42,0,0,-21,-18,-20,0,-18,-21,
-12,16,9,20,0,22,22,42,0,0,0,0,0,0,0,0,0,0,0,13,0,87,104,87,106,131,143,137,
139,183,181,222,222,339,350,520,513,506,492,404,296,292,289,601,600,597,373,
922,424,5181,5121,5110,4133]} 1. d4 Nf6 2. c4 e6 3. Nf3 Bb4+ 4. Bd2 Qe7 5. g3
Nc6 6. e3 {E11: Bogo-Indian.} Bxd2+ 7. Qxd2 O-O 8. Bg2 {White has an edge.} d6
9. Nc3 e5 10. O-O e4 11. Ng5 {[%cal Rg5e4]} Bf5 {[#]} 12. h4 $146 ({
Predecessor:} 12. f3 exf3 13. Rxf3 Bg6 14. Raf1 Nd7 15. Nh3 Nb6 16. b3 Rae8 17.
Nf4 Be4 18. Nxe4 Qxe4 {1-0 (25) Krysa,L (2522)-Panelo Munoz,M (2327) Barcelona
2020}) 12... Rae8 13. Rac1 h6 14. Nh3 Nb8 15. Nd5 Nxd5 16. cxd5 c6 17. dxc6
bxc6 18. b4 d5 19. b5 Qd7 20. bxc6 Nxc6 21. Kh2 Nd8 22. Qa5 Ne6 $1 23. Nf4 $36
{[%mdl 2048] White is pushing.} Nxf4 24. Rc7 Qe6 25. exf4 Rb8 26. Rfc1 Rb2 (
26... Bg4 $11 {keeps the balance.}) 27. R1c6 $16 {White now steadily converts
the win.} Qe8 {White must now prevent ...e3.} 28. Qxd5 Be6 29. Qxe4 {And now
d5 would win.} Rxf2 {[#]} 30. Rc2 $1 {[%cal Rc2f2]} ({Inferior is} 30. Rxa7 {
[#]} Bf5 $1 $17) 30... Rxc2 31. Qxc2 Qd8 32. Qc5 ({Weaker is} 32. Rxa7 Qxd4 33.
Ra4 Qb6 $14) 32... Qb8 (32... a5 $142 33. Ra7 Qf6 34. Rxa5 Rc8) 33. Rb7 $18 ({
Not} 33. Rxa7 Qb2 $18) 33... Qd8 (33... Qc8 {was necessary.} 34. Rxa7 Qxc5 35.
dxc5 Rd8) 34. Rxa7 Qf6 35. a4 {[%cal Ba2a4,Ba4a5][%mdl 32]} Qg6 36. Ra8 Rxa8
37. Bxa8 Qg4 $2 (37... Qb1 38. Bg2 Qa2) 38. Bg2 Qe2 39. a5 Bc4 $2 (39... Qa2
40. Qb5 Kh7) 40. d5 {White is clearly winning.} Qa2 (40... Bd3 $142 41. d6 Be4
42. Qc8+ Kh7) 41. d6 Bf1 42. Qd5 {Weighted Error Value: White=0.13/Black=0.35}
1-0